Il progetto di Codice Tipo di procedura civile per l'America Latina. Materiali della sezione di studi giuridici del programma strategico del CNR Celebrazione Colombiane.
Saved in:
| Institution som forfatter: | |
|---|---|
| Format: | Bog |
| Udgivet: |
Roma, Italia:
Instituto Iberoamericano de Derecho Procesal,
1987.
|
| Fag: | |
| Tags: |
Tilføj Tag
Ingen Tags, Vær først til at tagge denne postø!
|
MARC
| LEADER | 00000nam a22000007a 4500 | ||
|---|---|---|---|
| 003 | CL-VaPUC | ||
| 005 | 20220822114906.0 | ||
| 008 | 220812t1987 ||||| |||| 00| 0 eng d | ||
| 999 | |c 438311 |d 438309 | ||
| 040 | |c Pontificia Universidad Católica de Valparaíso | ||
| 082 | |a 347.8 INS 1987 | ||
| 110 | |a Instituto Iberoamericano de Derecho Procesal. |9 875502 | ||
| 245 | |a Il progetto di Codice Tipo di procedura civile per l'America Latina. |b Materiali della sezione di studi giuridici del programma strategico del CNR Celebrazione Colombiane. | ||
| 260 | |a Roma, Italia: |b Instituto Iberoamericano de Derecho Procesal, |c 1987. | ||
| 300 | |a 161 páginas. | ||
| 500 | |a c.1 Donación Familia Prof. Alejandro Guzmán Brito. | ||
| 583 | |c 20220812 |k Cristina María Rojas Aguilar | ||
| 650 | |a Derecho procesal |z América Latina |9 875503 | ||
| 942 | |2 ddc |c BK |n 0 | ||
| 952 | |0 0 |1 0 |2 ddc |4 0 |6 347_800000000000000_INS_1987 |7 1 |8 C_AGB |9 586206 |a BIBDER |b BIBDER |d 2022-08-12 |e Donación |i 5654164 |o 347.8 INS 1987 |p 5654164 |r 2023-01-25 |t 1 |w 2022-08-12 |y BK_US |k AGB | ||